| 000 | 00990cam a22003134a 4500 | ||
|---|---|---|---|
| 001 | 14432625 | ||
| 005 | 20180221073717.0 | ||
| 008 | 060629s2007 mdua b 000 0 eng c | ||
| 010 | _a 2006930214 | ||
| 020 | _a1578865476 (pbk. ) | ||
| 020 | _a9781578865475 (pbk. ) | ||
| 020 | _a1578865468 (cloth) | ||
| 020 | _a9781578865468 (cloth) | ||
| 035 | _a(OCoLC)ocm82208742 | ||
| 040 |
_aCNU _cCNU _dOCLCQ _dYDXCP _dNOC _dWAU _dDLC |
||
| 041 | _aeng | ||
| 042 | _apcc | ||
| 043 | _an-us--- | ||
| 080 | _a379.26 DER | ||
| 082 | 0 | 0 |
_a379.26 DER _222 |
| 100 | _a47 | ||
| 101 | _aEDU | ||
| 245 | 0 | 0 |
_aInternational research on the impact of accountability systems / _cedited by Louise F. Deretchin and Cheryl J. Craig. |
| 504 | _aIncludes bibliographical references. | ||
| 906 |
_a7 _bcbc _cpccadap _d2 _encip _f20 _gy-gencatlg |
||
| 942 |
_2ddc _cBK |
||
| 999 |
_c43065 _d43065 |
||